000 00511nam a2200193Ia 4500
005 20260429111918.0
008 260429s9999||||xx |||||||||||||| ||und||
020 _a9788119283071
041 _aEnglish
082 _a615.4
_bCHI
100 _aChillara, Biju
245 0 _aSmart materials for drug delivery /
_cBiju Chillara
260 _aNew Delhi :
_bBio-Green Books,
_c2024.
300 _aix, 199 p.; hb
650 _a Drugs
650 _aPharmacology
700 _a Bhattiprolu, Mallesh
942 _cTB
999 _c51394
_d51394